000 01034nam0a22002651 4500
001 rc\4084270
005 20130415155459.6
021 _aRU
_b[47-8931]
035 _a(NLR Aleph) 008127847
090 _a9404721
_c9404721
100 _a20130415d1947 |||y0rusy50 ca
101 0 _arus
102 _aRU
105 _ay z |||||
200 1 _aПамятка пастуха
_e(О зимнем содержании скота)
_fМ-во животноводства Бурят.-Монг. АССР
210 _a[Улан-Удэ]
_cБурмонгиз
_d1947
_gТип. Гос. газ. изд-ва
215 _a23 с.
_d14
300 _aПеред загл. авт.: Р.П. Пилданов
606 _aСельскохозяйственные животные
_xЗимнее содержание
_yБурят-Монгольская АССР
_2psbo
700 1 _aПилданов
_bР. П.
_gРадна Пирнаевич
801 0 _aRU
_bNLR
_gpsbo
801 1 _aRU
_bELAR
_2rusmarc
852 _aNLR
_jС80 Г-2/83
942 _cBOOK
980 _aNB